000 00740nam a2200241Ia 4500
003 IT-RoPAU
008 120407s9999 xx 000 0 und d
040 _aIT-RoPAU
040 _cIT-RoPAU
041 _aita
100 _aHeinrich Schlier
245 _aRiflessioni sul Nuovo testamento Traduzione di Maria Bellincioni e Angela Martinotti
250 _aBrescia
260 _aPaideia
260 _c1969
300 _a487 p.
300 _c21 cm
490 _aBibliotrea di cultura religiosa
490 _v17
600 _a"Tit. orig.:Besinnung auf das Neue Testament 1. Bibbia, Nuovo Testamento , Saggi I - Bellincioni Maria II - Martinotti Angela 225 BNI 70-7229"
942 _cBK
999 _c35147
_d35147